000 00793nam a2200217 a 4500
001 13020
003 BD-JhCC
005 20230614081322.0
008 230614s2018 bg |||| |||| 000 0 ben d
020 _a9789849248545
035 _a(BD-JhCC)13020
040 _aBD-JhCC
_dBD-JhCC
041 _aben
082 _a891.443
_bALI 2018
100 _aআলী, মোহাম্মদ নাসির
245 _aকিশোর উপন্যাস ইতালীর জনক গ্যালিবল্ডি /
_cমোহাম্মদ নাসির আলী
260 _aঢাকা :
_bডাংগুলি,
_c২০১৮
300 _a৯৫ পৃ. :
_bচিত্রাবলী সংযোজিত,
_c২০ সে.মি.
650 _aBengali Novel
942 _2ddc
_cBK
999 _c13020
_d13020